000
00304 a2200157 4500
001
174538
020
_a
040
_c
Magnum
100
_a
Góes, Lúcia Pimentel
240
1
0
_a
A nuvem
_l
por
245
1
0
_a
A nuvem
300
_a
24
362
0
_a
1986
697
_a
LITERATURA INFANTIL
942
_c
BK
999
_c
174538
_d
174538